Beast Quest #2 The Golden Armour - Statistics

General Stats
  • This quiz has been taken 24 times
  • The average score is 5 of 6
Answer Stats
Answer % Correct
Claw the Giant Monkey
95%
Trillion the Three-Headed Lion
95%
Arachnid the King of Spiders
90%
Soltra the Stone Charmer
90%
Zepha the Monster Squid
86%
Vipero the Snake Man
76%
No matching quizzes found
Score Distribution
Percent of People with Each Score
Percentile by Number Answered
Your Score History
You have not taken this quiz